000 00389nam a22001577a 4500
003 MACL
005 20151223134842.0
008 151223b xxu||||| |||| 00| 0 eng d
040 _cMACL
041 _aEnglish
082 _a020/KAU
100 _aKaul,H.K.
_922396
245 _aKnowledge Library and Information Networking Naclin 2008
650 _aLibrary Science
_957
942 _2ddc
_cBK
999 _c51656
_d51656